| 000 | 00913aam a2200289 a 4500 | ||
|---|---|---|---|
| 001 | 015408326 | ||
| 003 | OSt | ||
| 005 | 20201128021016.0 | ||
| 008 | 091026s2010 xxka frb 001 0 eng d | ||
| 010 | _a2009043566 | ||
| 020 | _a9780273716204 (pbk.) | ||
| 020 | _a0273716204 (pbk.) | ||
| 040 |
_aStDuBDS _beng _cStDuBDS _dUk |
||
| 082 | 0 | 4 |
_a658.406 _222 _bSEN |
| 100 | 1 |
_aSenior, Barbara _93051 |
|
| 245 | 1 | 0 |
_aOrganizational change / _cBarbara Senior, Stephen Swailes. |
| 250 | _a4th ed. | ||
| 260 |
_aHarlow, United Kingdom : _bFinancial Times Prentice Hall, _c2010 _e([Kuala Lumpur] : _fCTP-PJB) |
||
| 300 |
_axxi, 405 p. : _bill. (col.) ; _c25 cm. |
||
| 500 | _aIncludes indexes. | ||
| 504 | _aBibliography : p. 387-388. | ||
| 650 | 0 |
_aOrganizational change _9885 |
|
| 653 |
_bCS _cJanuary2014 |
||
| 655 |
_vtext book _933728 |
||
| 700 | 1 |
_aSwailes, Stephen _934901 |
|
| 942 |
_2ddc _k658.406 SEN |
||
| 999 |
_c17949 _d17921 |
||